[Event "BL 1112 SF Katernberg - SV Hockenheim"]
[Site "Hockenheim"]
[Date "2011.11.20"]
[Round "5.5"]
[White "Boguslavsky, Oleg"]
[Black "Siebrecht, Sebastian"]
[Result "1/2-1/2"]
[WhiteElo "2467"]
[BlackElo "2471"]
[PlyCount "75"]
[EventDate "2011.10.14"]

1. e4 c5 2. Nf3 e6 3. d4 cxd4 4. Nxd4 a6 5. Bd3 Bc5 6. Nb3 Be7 7. Be3 Nc6 8. f4
Nf6 9. N1d2 e5 10. f5 d5 11. Qf3 Nb4 12. O-O O-O 13. Rad1 d4 14. Bf2 Nxd3 15.
cxd3 b5 16. Qg3 Nd7 17. Nf3 f6 18. Be1 a5 19. Bd2 a4 20. Nc1 b4 21. Qe1 Qb6 22.
g4 Ba6 23. g5 Rfc8 24. gxf6 gxf6 25. Kh1 Kh8 26. Rg1 Rg8 27. Qh4 Rxg1+ 28. Rxg1
Rg8 29. Rxg8+ Kxg8 30. Qg4+ Kh8 31. Qh5 Qd8 32. Nh4 Bc5 33. Bh6 Qe7 34. b3 a3
35. Kg2 Kg8 36. Qg4+ Kh8 37. Qh5 Kg8 38. Qg4+ 1/2-1/2

[Event "BL 1112 SF Katernberg - SV Hockenheim"]
[Site "Hockenheim"]
[Date "2011.11.20"]
[Round "5.6"]
[White "Kotainy, Jens"]
[Black "Ribli, Zoltan"]
[Result "1/2-1/2"]
[WhiteElo "2406"]
[BlackElo "2588"]
[PlyCount "57"]
[EventDate "2011.10.14"]

1. e4 c5 2. c3 d5 3. exd5 Qxd5 4. d4 Nf6 5. Nf3 e6 6. Be3 cxd4 7. cxd4 Bb4+ 8.
Nc3 O-O 9. Bd3 b6 10. O-O Bxc3 11. bxc3 Ba6 12. Bxa6 Nxa6 13. Qa4 Qb7 14. c4
Rac8 15. Rfc1 Nb8 16. Rab1 Nc6 17. Bg5 Ne4 18. d5 Nxg5 19. Nxg5 Nd4 20. Qd1 e5
21. Qd3 g6 22. f4 Qc7 23. fxe5 Qxe5 24. Re1 Qxg5 25. Qxd4 Rfd8 26. Rbd1 Qf5 27.
Re7 Qc2 28. Rde1 Rf8 29. Rxa7 1/2-1/2

[Event "BL 1112 SF Katernberg - SV Hockenheim"]
[Site "Hockenheim"]
[Date "2011.11.20"]
[Round "5.8"]
[White "Thesing, Matthias"]
[Black "Gasthofer, Alexander"]
[Result "1-0"]
[WhiteElo "2404"]
[BlackElo "2456"]
[PlyCount "73"]
[EventDate "2011.10.14"]

1. e4 e6 2. d4 d5 3. exd5 exd5 4. Nf3 Bd6 5. c4 dxc4 6. Bxc4 Nf6 7. O-O O-O 8.
Nc3 Nc6 9. h3 h6 10. Be3 Bf5 11. Nh4 Bh7 12. Qf3 Be7 13. Rad1 Ne8 14. Nf5 Bxf5
15. Qxf5 Nd6 16. Qd3 Nxc4 17. Qxc4 Qd7 18. Ne4 Rfd8 19. d5 Na5 20. Qc3 b6 21.
Rd3 Kh7 22. Rc1 Rac8 23. Qe5 f5 24. Rdc3 c5 25. dxc6 Nxc6 26. Qf4 g5 27. Nxg5+
hxg5 28. Qa4 f4 29. Qe4+ Kg7 30. Rxc6 Rxc6 31. Rxc6 Bf6 32. Bc1 Re8 33. Qc2 Re7
34. b4 Qd4 35. Rxf6 Qxf6 36. Bb2 Re5 37. Qc7+ 1-0

[Event "BL 1112 Werder Bremen - SV Wattenscheid"]
[Site "Dortmund"]
[Date "2011.11.20"]
[Round "5.1"]
[White "Macieja, Bartlomiej"]
[Black "Efimenko, Zahar"]
[Result "0-1"]
[WhiteElo "2613"]
[BlackElo "2703"]
[PlyCount "136"]
[EventDate "2011.10.14"]

1. Nf3 Nf6 2. c4 e6 3. Nc3 Bb4 4. Qc2 O-O 5. a3 Bxc3 6. Qxc3 b6 7. g3 Bb7 8.
Bg2 d5 9. b4 d4 10. Qb2 e5 11. O-O Re8 12. d3 Nbd7 13. e4 dxe3 14. Bxe3 a5 15.
b5 Qc8 16. Rfe1 c5 17. Bg5 e4 18. dxe4 Rxe4 19. Nh4 Rxe1+ 20. Rxe1 Bxg2 21.
Nxg2 Qf8 22. Qd2 h6 23. Bxf6 Nxf6 24. Rd1 Ne4 25. Qd7 Nc3 26. Rd2 Qe8 27. Qd3
Qe4 28. Qxe4 Nxe4 29. Rd7 Re8 30. Ne3 Nf6 31. Rb7 Re6 32. Kf1 g6 33. h3 h5 34.
Ke2 Ne4 35. g4 h4 36. f4 Nd6 37. Rb8+ Kg7 38. Kf3 f5 39. gxf5 Nxf5 40. Rb7+ Kf8
41. Nd5 Re1 42. Kf2 Ra1 43. Rxb6 Ra2+ 44. Ke1 Rxa3 45. Rxg6 Nd4 46. f5 Rxh3 47.
f6 a4 48. Rh6 a3 49. Rh8+ Kf7 50. Rh7+ Kg6 51. Rg7+ Kh6 52. Nf4 Rg3 53. Ra7 Rf3
54. b6 Rxf4 55. b7 Nc6 56. Rxa3 Nb8 57. Ra8 Re4+ 58. Kf2 Re8 59. Ra5 Nd7 60.
Ra1 Rb8 61. Rb1 Nxf6 62. Kf3 Kg5 63. Rb5 Nd7 64. Ke4 h3 65. Rb2 Rh8 66. Rb1 h2
67. Rh1 Kg4 68. Kd5 Rh6 0-1

[Event "BL 1112 Werder Bremen - SV Wattenscheid"]
[Site "Dortmund"]
[Date "2011.11.20"]
[Round "5.2"]
[White "Fressinet, Laurent"]
[Black "Bartel, Mateusz"]
[Result "1/2-1/2"]
[WhiteElo "2696"]
[BlackElo "2627"]
[PlyCount "113"]
[EventDate "2011.10.14"]

1. d4 d5 2. c4 e6 3. Nf3 c6 4. Qc2 dxc4 5. Qxc4 Nf6 6. g3 b5 7. Qc2 Bb7 8. Bg2
Nbd7 9. Ne5 Qb6 10. Nxd7 Nxd7 11. Nc3 c5 12. d5 Nf6 13. e4 b4 14. Na4 Qb5 15.
dxe6 fxe6 16. b3 c4 17. bxc4 Rc8 18. cxb5 Rxc2 19. O-O Bxe4 20. Be3 Bxg2 21.
Kxg2 Rc7 22. Rac1 Nd5 23. Bd4 Kf7 24. b6 axb6 25. Nxb6 Bd6 26. Rxc7+ Bxc7 27.
Nxd5 exd5 28. Rc1 Bd6 29. Rc6 Rd8 30. Ra6 Rd7 31. Kf3 Be7 32. Ke2 g6 33. Kd3
Rb7 34. Ra7 Rb5 35. Kc2 Ke6 36. Ra6+ Kf5 37. f3 h5 38. Ra7 Bc5 39. Rf7+ Ke6 40.
Rf6+ Ke7 41. Bb2 Bg1 42. Rxg6 Rc5+ 43. Kb3 d4 44. Kxb4 Rc2 45. Kb3 Rxh2 46. a4
Rf2 47. f4 Rg2 48. f5 d3 49. Bc3 Rf2 50. Re6+ Kd7 51. Re1 Bh2 52. Rh1 Bxg3 53.
Rxh5 Bf4 54. f6 d2 55. Kc2 Rf1 56. Bxd2 Bxd2 57. Kxd2 1/2-1/2

[Event "BL 1112 Werder Bremen - SV Wattenscheid"]
[Site "Dortmund"]
[Date "2011.11.20"]
[Round "5.3"]
[White "Bogner, Sebastian"]
[Black "McShane, Luke James"]
[Result "1/2-1/2"]
[WhiteElo "2534"]
[BlackElo "2671"]
[PlyCount "124"]
[EventDate "2011.10.14"]

1. d4 g6 2. e4 Bg7 3. c4 d6 4. Nc3 Nf6 5. Nf3 O-O 6. Be2 e5 7. dxe5 dxe5 8.
Qxd8 Rxd8 9. Bg5 Re8 10. Nd5 Nxd5 11. cxd5 c6 12. Bc4 cxd5 13. Bxd5 Nd7 14. Nd2
Bf8 15. Ke2 Nb6 16. Bb3 Bd7 17. Rhc1 Rec8 18. Be3 Bb5+ 19. Kf3 Bb4 20. a3 Bxd2
21. Bxd2 Bc4 22. Bc2 Rc6 23. b3 Be6 24. Bd1 Rac8 25. Rxc6 Rxc6 26. Rc1 Rxc1 27.
Bxc1 a6 28. a4 f6 29. Ke3 Kf7 30. Ba3 Nc8 31. h4 Ne7 32. Bc5 Nc6 33. Kd3 h5 34.
g3 Ke8 35. Kc3 Kd7 36. b4 Kc7 37. f4 exf4 38. gxf4 f5 39. e5 Bd5 40. a5 Kd7 41.
Ba4 Ke6 42. b5 axb5 43. Bxb5 Nxa5 44. Be8 Nc6 45. Bxg6 Bf3 46. Bh7 Kd5 47. Bf8
Ke4 48. e6 Kxf4 49. e7 Nxe7 50. Bxe7 Kg4 51. Kd4 f4 52. Ke5 Kg3 53. Bb4 Kxh4
54. Kxf4 Bg4 55. Be4 Kh3 56. Bxb7 Kh2 57. Bc5 Bh3 58. Bf3 Bg2 59. Bxh5 Bc6 60.
Be2 Kg2 61. Ba6 Bd5 62. Bb7 Bxb7 1/2-1/2

[Event "BL 1112 Werder Bremen - SV Wattenscheid"]
[Site "Dortmund"]
[Date "2011.11.20"]
[Round "5.4"]
[White "Roiz, Michael"]
[Black "Rustemov, Alexander"]
[Result "1/2-1/2"]
[WhiteElo "2668"]
[BlackElo "2537"]
[PlyCount "103"]
[EventDate "2011.10.14"]

1. d4 d5 2. c4 c6 3. Nf3 Nf6 4. Nc3 dxc4 5. a4 e6 6. e3 c5 7. Bxc4 cxd4 8. exd4
Nc6 9. O-O Be7 10. Be3 O-O 11. Ne5 Bd7 12. Nxd7 Qxd7 13. d5 exd5 14. Nxd5 Rfd8
15. Nxe7+ Qxe7 16. Qe2 Nd4 17. Bxd4 Qxe2 18. Bxe2 Rxd4 19. b3 Rad8 20. Rac1 Kf8
21. Rc7 R4d7 22. Rfc1 Nd5 23. Rxd7 Rxd7 24. Bf3 b6 25. Kf1 Rc7 26. Rxc7 Nxc7
27. Ke2 Ke7 28. Kd3 Kd6 29. Kd4 Na6 30. Kc4 Nc5 31. Bd1 Ne4 32. f3 Nf6 33. Kd4
Nd5 34. g3 g5 35. Bc2 h6 36. Bd3 Ne7 37. Be4 f5 38. Bd3 a5 39. Bc2 Nc6+ 40. Ke3
Kc5 41. Bxf5 Nd4 42. Bd7 Nxb3 43. f4 gxf4+ 44. gxf4 Kd5 45. Be8 Nc5 46. Kf3 Ke6
47. Bb5 Kf5 48. Bc6 Nb3 49. Ke3 Nc5 50. Kf3 Kf6 51. Ke3 Kf5 52. Kf3 1/2-1/2

[Event "BL 1112 Werder Bremen - SV Wattenscheid"]
[Site "Dortmund"]
[Date "2011.11.20"]
[Round "5.5"]
[White "Appel, Ralf"]
[Black "Nyback, Tomi"]
[Result "1/2-1/2"]
[WhiteElo "2529"]
[BlackElo "2627"]
[PlyCount "41"]
[EventDate "2011.10.14"]

1. d4 Nf6 2. Nf3 e6 3. g3 c5 4. Bg2 cxd4 5. O-O d5 6. Nxd4 e5 7. Nb3 Be6 8. c4
Nc6 9. cxd5 Nxd5 10. N1d2 Ndb4 11. Ne4 Qxd1 12. Rxd1 Nxa2 13. Nbc5 Nxc1 14.
Raxc1 Bxc5 15. Nxc5 Bc8 16. Nxb7 Bxb7 17. Bxc6+ Bxc6 18. Rxc6 O-O 19. Rd5 f6
20. Rd7 Rf7 21. Rcc7 1/2-1/2

[Event "BL 1112 Werder Bremen - SV Wattenscheid"]
[Site "Dortmund"]
[Date "2011.11.20"]
[Round "5.6"]
[White "Hracek, Zbynek"]
[Black "Holzke, Frank Dr"]
[Result "1-0"]
[WhiteElo "2624"]
[BlackElo "2506"]
[PlyCount "67"]
[EventDate "2011.10.14"]

1. e4 e5 2. Nf3 Nc6 3. Bb5 a6 4. Ba4 Nf6 5. O-O Bc5 6. c3 b5 7. Bb3 d6 8. d4
Bb6 9. Be3 O-O 10. Nbd2 Bb7 11. a4 exd4 12. cxd4 Nb4 13. axb5 axb5 14. Qe2 Nxe4
15. Qxb5 Nxd2 16. Nxd2 Nc6 17. Nc4 Na7 18. Qf5 Nc8 19. Rxa8 Bxa8 20. Rc1 Ne7
21. Qd3 Bd5 22. Nxb6 cxb6 23. Bg5 f6 24. Bf4 Kh8 25. Bg3 Bxb3 26. Qxb3 Nf5 27.
f3 Nxg3 28. hxg3 f5 29. Qe6 h6 30. Rc6 f4 31. gxf4 Qh4 32. Qe4 d5 33. Qe5 Rxf4
34. Qe8+ 1-0

[Event "BL 1112 Werder Bremen - SV Wattenscheid"]
[Site "Dortmund"]
[Date "2011.11.20"]
[Round "5.7"]
[White "Handke, Florian"]
[Black "Rapport, Richard"]
[Result "1/2-1/2"]
[WhiteElo "2518"]
[BlackElo "2547"]
[PlyCount "83"]
[EventDate "2011.10.14"]

1. b3 e5 2. Bb2 Nc6 3. e3 Nf6 4. c4 d5 5. cxd5 Nxd5 6. a3 Bd6 7. Qc2 O-O 8. Nf3
Qe7 9. Nc3 Nxc3 10. Qxc3 f6 11. Bc4+ Kh8 12. d3 Qe8 13. Nd2 Ne7 14. b4 Qg6 15.
g3 Bh3 16. Rg1 Qh5 17. Bb3 a5 18. bxa5 Bd7 19. h4 Nc6 20. Nc4 Bc5 21. Bd1 Bg4
22. Qb3 Bxd1 23. Rxd1 Rab8 24. Bc3 Rfe8 25. Kf1 f5 26. Rd2 Qg4 27. Kg2 f4 28.
Qd1 Qg6 29. Kh3 fxe3 30. fxe3 e4 31. h5 Qe6+ 32. Qg4 Qxg4+ 33. Kxg4 exd3 34.
Rf1 Bxe3 35. Nxe3 Rxe3 36. Rf7 Ne5+ 37. Bxe5 Rxe5 38. Rxd3 h6 39. Rxc7 Rxa5 40.
Kh4 Rba8 41. Rxb7 Rxa3 42. Rxa3 1/2-1/2

[Event "BL 1112 Werder Bremen - SV Wattenscheid"]
[Site "Dortmund"]
[Date "2011.11.20"]
[Round "5.8"]
[White "Babula, Vlastimil"]
[Black "Straeter, Timo"]
[Result "1-0"]
[WhiteElo "2572"]
[BlackElo "2327"]
[PlyCount "51"]
[EventDate "2011.10.14"]

1. d4 Nf6 2. Nf3 e6 3. c4 c5 4. d5 d6 5. Nc3 g6 6. h3 Bg7 7. e4 O-O 8. Bd3 a6
9. O-O exd5 10. exd5 Nh5 11. Re1 Nd7 12. g4 Nhf6 13. Bf4 h5 14. gxh5 Nxh5 15.
Bxd6 Ndf6 16. Be7 Qd7 17. Ng5 Re8 18. d6 b6 19. Qf3 Bb7 20. Be4 Nxe4 21. Qxf7+
Kh8 22. Ncxe4 Qf5 23. d7 Rf8 24. Bxf8 Rxf8 25. Qxf5 gxf5 26. Nd6 1-0

[Event "BL 1112 Turm Emsdetten - Hansa Dortmund"]
[Site "Dortmund"]
[Date "2011.11.20"]
[Round "5.1"]
[White "Berg, Emanuel"]
[Black "Spoelman, Wouter"]
[Result "1-0"]
[WhiteElo "2575"]
[BlackElo "2563"]
[PlyCount "49"]
[EventDate "2011.10.14"]

1. e4 c5 2. Nf3 d6 3. d4 cxd4 4. Nxd4 Nf6 5. Nc3 a6 6. Bg5 Nbd7 7. f4 e5 8. Nf5
Qb6 9. Qd2 Qxb2 10. Rb1 Qa3 11. fxe5 dxe5 12. Bc4 g6 13. Nd5 gxf5 14. Nxf6+
Nxf6 15. Bxf6 Be6 16. Rb3 Qa4 17. Bxe6 fxe6 18. Bxh8 Rd8 19. Qe2 Bb4+ 20. c3
Bc5 21. Bxe5 Rd7 22. Rf1 Be3 23. Qxe3 Qxa2 24. Rb6 fxe4 25. Rf6 1-0

[Event "BL 1112 Turm Emsdetten - Hansa Dortmund"]
[Site "Dortmund"]
[Date "2011.11.20"]
[Round "5.2"]
[White "Ipatov, Alexander"]
[Black "Miton, Kamil"]
[Result "1/2-1/2"]
[WhiteElo "2591"]
[BlackElo "2628"]
[PlyCount "41"]
[EventDate "2011.10.14"]

1. d4 d5 2. c4 e6 3. Nc3 Be7 4. Nf3 Nf6 5. Bg5 O-O 6. e3 b6 7. Rc1 Bb7 8. Bd3
Nbd7 9. O-O h6 10. Bf4 c5 11. Bg3 cxd4 12. Nxd4 Nc5 13. Be2 Nfe4 14. Nxe4 Nxe4
15. Qa4 Bf6 16. Rfd1 Nxg3 17. hxg3 Qe7 18. Bf3 dxc4 19. Bxb7 Qxb7 20. Qxc4 Rac8
21. Qa4 1/2-1/2

[Event "BL 1112 Turm Emsdetten - Hansa Dortmund"]
[Site "Dortmund"]
[Date "2011.11.20"]
[Round "5.3"]
[White "Steingrimsson, Hedinn"]
[Black "Swiercz, Dariusz"]
[Result "1-0"]
[WhiteElo "2562"]
[BlackElo "2585"]
[PlyCount "79"]
[EventDate "2011.10.14"]

1. d4 d5 2. c4 e6 3. Nc3 Bb4 4. Qb3 c5 5. dxc5 Nc6 6. a3 Qa5 7. Bd2 d4 8. Ne4
Bxd2+ 9. Nxd2 Nf6 10. Ngf3 O-O 11. Qd1 Qxc5 12. b4 Qd6 13. Nb3 e5 14. e3 Bg4
15. h3 Bh5 16. g4 Bg6 17. Bg2 Qe6 18. Nfd2 Rad8 19. O-O b6 20. Re1 e4 21. g5
Nh5 22. b5 dxe3 23. Rxe3 Ne5 24. Qf1 Qe7 25. Nxe4 Nf4 26. Rae1 Qc7 27. c5 Ned3
28. Rd1 Nxc5 29. Nexc5 bxc5 30. Bc6 c4 31. Rxd8 Qxd8 32. Qxc4 Qxg5+ 33. Kh2 h6
34. Qc5 Qh4 35. Qxf8+ Kh7 36. Rg3 Nxh3 37. Rxh3 Qxf2+ 38. Bg2 Qf4+ 39. Rg3 h5
40. Qb4 1-0

[Event "BL 1112 Turm Emsdetten - Hansa Dortmund"]
[Site "Dortmund"]
[Date "2011.11.20"]
[Round "5.4"]
[White "Grandelius, Nils"]
[Black "Tikkanen, Hans"]
[Result "1-0"]
[WhiteElo "2536"]
[BlackElo "2591"]
[PlyCount "129"]
[EventDate "2011.10.14"]

1. c4 e5 2. Nc3 Nc6 3. Nf3 f5 4. d3 Nf6 5. g3 Bb4 6. Bd2 O-O 7. Bg2 d6 8. O-O
Bd7 9. a3 Bxc3 10. Bxc3 Qe8 11. e3 f4 12. exf4 exf4 13. Qd2 Ng4 14. Rae1 Qh5
15. Re4 Nge5 16. Rxf4 Rxf4 17. Nxe5 dxe5 18. gxf4 Bh3 19. Qe3 Bxg2 20. Kxg2
Qg4+ 21. Qg3 Qxf4 22. Qxf4 exf4 23. d4 Ne7 24. Re1 Ng6 25. d5 Kf7 26. Kf3 a6
27. Bd2 Rd8 28. Bxf4 Nxf4 29. Kxf4 Rd6 30. Re4 Rh6 31. Kg3 c6 32. dxc6 Rxc6 33.
b4 Rd6 34. Kf4 Rd2 35. Ke5 Rxf2 36. Kd6 Rxh2 37. Kc7 b5 38. c5 g5 39. Kb7 Rc2
40. c6 Kf6 41. c7 h5 42. Re8 g4 43. c8=Q Rxc8 44. Rxc8 g3 45. Rg8 h4 46. Kxa6
Kf5 47. a4 bxa4 48. b5 a3 49. b6 a2 50. Rf8+ Ke4 51. Rf1 g2 52. Rc1 h3 53. b7
h2 54. b8=Q g1=Q 55. Rc4+ Kf3 56. Qf4+ Ke2 57. Rc2+ Kd3 58. Qc4+ Ke3 59. Rc3+
Kf2 60. Qf4+ Ke2 61. Qf3+ Ke1 62. Rc1+ Kd2 63. Qc3+ Ke2 64. Rc2+ Kf1 65. Qa1#
1-0

[Event "BL 1112 Turm Emsdetten - Hansa Dortmund"]
[Site "Dortmund"]
[Date "2011.11.20"]
[Round "5.5"]
[White "Henrichs, Thomas"]
[Black "Hector, Jonny"]
[Result "1-0"]
[WhiteElo "2473"]
[BlackElo "2575"]
[PlyCount "73"]
[EventDate "2011.10.14"]

1. c4 e5 2. Nc3 Bb4 3. Nd5 Be7 4. d4 d6 5. e4 Nf6 6. Nxe7 Qxe7 7. f3 Nh5 8. Ne2
O-O 9. Be3 f5 10. exf5 exd4 11. Qxd4 Nc6 12. Qc3 Bxf5 13. O-O-O Rae8 14. Bd2
Bg6 15. g4 Nf6 16. Nf4 Bf7 17. h4 Ne5 18. h5 h6 19. Re1 Qd7 20. b3 Qc6 21. Be2
d5 22. Nd3 Nxd3+ 23. Bxd3 dxc4 24. bxc4 Rd8 25. g5 hxg5 26. h6 Rxd3 27. Qxd3
Bxc4 28. Qd4 Bd5+ 29. Bc3 Bxf3 30. hxg7 Kxg7 31. Rhg1 g4 32. Re5 Kg6 33. Qd3+
Kf7 34. Rge1 Qd6 35. Qf5 a5 36. Re6 Qa3+ 37. Bb2 1-0

[Event "BL 1112 Turm Emsdetten - Hansa Dortmund"]
[Site "Dortmund"]
[Date "2011.11.20"]
[Round "5.6"]
[White "Pruijssers, Roeland"]
[Black "Kohlweyer, Bernd"]
[Result "1-0"]
[WhiteElo "2475"]
[BlackElo "2458"]
[PlyCount "69"]
[EventDate "2011.10.14"]

1. e4 c5 2. Nf3 e6 3. d4 cxd4 4. Nxd4 a6 5. Bd3 Nf6 6. O-O Qc7 7. Qe2 d6 8. c4
g6 9. Rd1 Bg7 10. Nf3 Nc6 11. Bc2 Nd7 12. Nc3 O-O 13. Bf4 Nde5 14. Bb3 b6 15.
Rac1 Qe7 16. Be3 Rb8 17. Nd4 Rd8 18. Nxc6 Nxc6 19. Qd2 f5 20. Bg5 Bf6 21. Bxf6
Qxf6 22. f4 Bb7 23. Qe3 Na5 24. exf5 gxf5 25. Re1 Bc8 26. Rcd1 Kf7 27. Rd2 b5
28. Nxb5 Nxb3 29. Nxd6+ Rxd6 30. Rxd6 Qe7 31. Rd5 Qc7 32. axb3 exd5 33. Qe8+
Kf6 34. Qf8+ Kg6 35. Re7 1-0

[Event "BL 1112 Turm Emsdetten - Hansa Dortmund"]
[Site "Dortmund"]
[Date "2011.11.20"]
[Round "5.7"]
[White "Klyuner, Vyacheslav"]
[Black "Burg, Twan"]
[Result "1/2-1/2"]
[WhiteElo "2428"]
[BlackElo "2462"]
[PlyCount "65"]
[EventDate "2011.10.14"]

1. e4 e6 2. d3 c5 3. Nf3 Nc6 4. Nbd2 d6 5. g3 g6 6. Bg2 Bg7 7. O-O Nge7 8. c3
O-O 9. Nb3 b6 10. d4 Ba6 11. Re1 cxd4 12. Nbxd4 Rc8 13. Nxc6 Nxc6 14. Bf4 e5
15. Bc1 Qc7 16. Nd2 Bh6 17. Nf1 Bxc1 18. Rxc1 Bxf1 19. Bxf1 Ne7 20. Qb3 Qc5 21.
Rcd1 Kg7 22. Rd2 Rc7 23. Qb5 Qxb5 24. Bxb5 Rc5 25. c4 Nc6 26. Rxd6 Nd4 27. Rd1
Nxb5 28. cxb5 Rxb5 29. b3 Rc8 30. Rd7 a5 31. R1d5 Rbc5 32. R5d6 R8c6 33. Rxc6
1/2-1/2

[Event "BL 1112 Turm Emsdetten - Hansa Dortmund"]
[Site "Dortmund"]
[Date "2011.11.20"]
[Round "5.8"]
[White "Kleijn, Christov"]
[Black "Wegener, Olaf"]
[Result "1/2-1/2"]
[WhiteElo "2429"]
[BlackElo "2423"]
[PlyCount "77"]
[EventDate "2011.10.14"]

1. e4 c5 2. Nf3 d6 3. d4 cxd4 4. Nxd4 Nf6 5. Nc3 a6 6. Bg5 e6 7. f4 Qb6 8. Qd2
Qxb2 9. Rb1 Qa3 10. f5 Nc6 11. fxe6 fxe6 12. Nxc6 bxc6 13. Be2 Be7 14. O-O O-O
15. Kh1 d5 16. Rf3 dxe4 17. Rh3 e5 18. Rg3 Kh8 19. Bh6 gxh6 20. Qxh6 Rg8 21.
Rxg8+ Nxg8 22. Qxc6 Be6 23. Qxa8 Qxc3 24. Qxe4 Bxa2 25. Rf1 Qd4 26. Qxd4 exd4
27. Bxa6 Kg7 28. Ra1 Bf7 29. Ra4 Bf6 30. Bc4 Ne7 31. Bxf7 Kxf7 32. Kg1 Nd5 33.
Kf2 Ke6 34. Kf3 Ke5 35. Ra5 Bg5 36. Ra8 Ne3 37. Ra5+ Nd5 38. Ra8 Ne3 39. Ra5+
1/2-1/2

[Event "BL 1112 OSG Baden-Baden - SC Remagen"]
[Site "Solingen"]
[Date "2011.11.20"]
[Round "5.1"]
[White "Parligras, Mircea"]
[Black "Adams, Michael"]
[Result "1/2-1/2"]
[WhiteElo "2625"]
[BlackElo "2733"]
[PlyCount "103"]
[EventDate "2011.10.14"]

1. d4 Nf6 2. c4 e6 3. Nc3 Bb4 4. Qc2 d5 5. a3 Bxc3+ 6. Qxc3 Ne4 7. Qc2 c5 8.
dxc5 Nc6 9. e3 Qa5+ 10. Bd2 Nxd2 11. Qxd2 dxc4 12. Qxa5 Nxa5 13. Rc1 b5 14.
cxb6 Bb7 15. Nf3 Ke7 16. bxa7 Bxf3 17. gxf3 Rxa7 18. Rg1 Rb8 19. Rc2 Rab7 20.
Bxc4 Nxc4 21. Rxc4 Rxb2 22. Rxg7 Ra2 23. Rb4 Rc8 24. Rb7+ Kd6 25. Rb1 Rcc2 26.
Rg2 Rxa3 27. Kf1 f5 28. f4 Raa2 29. Kg1 e5 30. fxe5+ Kxe5 31. h4 h5 32. Rb5+
Ke4 33. Rb4+ Ke5 34. Rb5+ Ke4 35. Rb4+ Ke5 36. Rb8 Rc1+ 37. Kh2 Ra4 38. Re8+
Kf6 39. f4 Raa1 40. Rf8+ Ke6 41. Re8+ Kf6 42. Rh8 Rh1+ 43. Kg3 Rae1 44. Rh6+
Kf7 45. Rxh5 Rxe3+ 46. Kf2 Reh3 47. Rxf5+ Ke6 48. Ra5 Rxh4 49. Rg6+ Kf7 50. Rb6
Rxf4+ 51. Kg2 Re1 52. Ra7+ 1/2-1/2

[Event "BL 1112 OSG Baden-Baden - SC Remagen"]
[Site "Solingen"]
[Date "2011.11.20"]
[Round "5.2"]
[White "Bacrot, Etienne"]
[Black "Dgebuadze, Alexandre"]
[Result "1/2-1/2"]
[WhiteElo "2705"]
[BlackElo "2544"]
[PlyCount "67"]
[EventDate "2011.10.14"]

1. d4 Nf6 2. c4 e6 3. Nf3 Bb4+ 4. Nc3 b6 5. Bg5 Bb7 6. Nd2 h6 7. Bh4 Nc6 8. e3
Ne7 9. Bxf6 gxf6 10. Qb3 Ba5 11. O-O-O Nf5 12. d5 Qe7 13. Nb5 Kf8 14. Bd3 a6
15. Nc3 Nd6 16. Nde4 Bxc3 17. Qxc3 Nxe4 18. Bxe4 d6 19. Bf3 e5 20. Qc2 Bc8 21.
Be4 Bd7 22. Kb1 Rg8 23. g3 Re8 24. h3 Rg5 25. Rdg1 Qd8 26. h4 Rg7 27. Bf5 Ke7
28. Bxd7 Qxd7 29. e4 Reg8 30. Re1 f5 31. exf5 Kf6 32. f4 Rxg3 33. fxe5+ dxe5
34. Rhf1 1/2-1/2

[Event "BL 1112 OSG Baden-Baden - SC Remagen"]
[Site "Solingen"]
[Date "2011.11.20"]
[Round "5.3"]
[White "Swinkels, Robin"]
[Black "Naiditsch, Arkadij"]
[Result "1/2-1/2"]
[WhiteElo "2494"]
[BlackElo "2707"]
[PlyCount "120"]
[EventDate "2011.10.14"]

1. d4 Nf6 2. c4 e6 3. g3 Bb4+ 4. Bd2 c5 5. Bxb4 cxb4 6. Bg2 O-O 7. e4 d6 8. Ne2
e5 9. O-O Nc6 10. Nd2 Bg4 11. f3 Bd7 12. h3 Qb6 13. Nb3 a5 14. f4 a4 15. c5 Qa7
16. cxd6 axb3 17. fxe5 Nxe5 18. axb3 Qxa1 19. Qxa1 Rxa1 20. Rxa1 Nc6 21. e5 Ne8
22. Ra8 g5 23. Bxc6 bxc6 24. Rd8 Nf6 25. Rxf8+ Kxf8 26. exf6 Ke8 27. g4 Be6 28.
Nc1 Kd7 29. Nd3 Kxd6 30. Nxb4 Bxb3 31. Kf2 Bc4 32. Kg3 Bb5 33. h4 h6 34. hxg5
hxg5 35. Kf2 Bc4 36. Ke3 Be6 37. Kf3 Bb3 38. Kf2 Bd1 39. Kg3 Be2 40. Nc2 Ke6
41. Ne3 Kxf6 42. Kf2 Ba6 43. Ke1 Ke6 44. Kd2 Kd6 45. Kc3 Bc8 46. Kd2 Be6 47.
Kc3 Kc7 48. Kb4 Kb6 49. Nc4+ Kc7 50. Ne3 Kd6 51. Kc3 Bc8 52. Kd2 Ba6 53. Kc3
Be2 54. Kd2 Bf3 55. Kd3 Ke6 56. Kc4 Kd6 57. Kd3 Kc7 58. Kc4 Kb6 59. Kb4 Be2 60.
Nc4+ Kc7 1/2-1/2

[Event "BL 1112 OSG Baden-Baden - SC Remagen"]
[Site "Solingen"]
[Date "2011.11.20"]
[Round "5.4"]
[White "Movsesian, Sergej"]
[Black "Bok, Benjamin"]
[Result "0-1"]
[WhiteElo "2715"]
[BlackElo "2488"]
[PlyCount "92"]
[EventDate "2011.10.14"]

1. e4 e5 2. Nf3 Nc6 3. Bb5 a6 4. Ba4 Nf6 5. d3 d6 6. O-O b5 7. Bb3 Na5 8. Bd2
Nxb3 9. axb3 Be7 10. c4 Rb8 11. Qc2 c5 12. Nc3 O-O 13. Ne1 Nh5 14. Nd5 Bg5 15.
Ba5 Qd7 16. g3 Bb7 17. Ng2 Bxd5 18. cxd5 b4 19. Kh1 Bh6 20. f4 exf4 21. gxf4 f5
22. e5 dxe5 23. fxe5 f4 24. e6 Qxd5 25. Qc4 Qxc4 26. bxc4 Bg5 27. Rf3 Rbc8 28.
Re1 Be7 29. Re5 g5 30. h4 h6 31. hxg5 hxg5 32. Nh4 Bf6 33. Rd5 Ng3+ 34. Rxg3
fxg3 35. Nf5 Rce8 36. Rxc5 Rxe6 37. Bxb4 Rb8 38. Ba5 Rxb2 39. Nxg3 Re3 40. Rf5
Rxg3 41. Rxf6 Rh3+ 42. Kg1 Rxd3 43. Be1 Rd1 44. Kf1 Rbb1 45. Re6 Kf7 46. Re3
Rxe1+ 0-1

[Event "BL 1112 OSG Baden-Baden - SC Remagen"]
[Site "Solingen"]
[Date "2011.11.20"]
[Round "5.5"]
[White "Michiels, Bart"]
[Black "Nielsen, Peter-Heine"]
[Result "1/2-1/2"]
[WhiteElo "2501"]
[BlackElo "2687"]
[PlyCount "78"]
[EventDate "2011.10.14"]

1. d4 Nf6 2. c4 e6 3. Nc3 c5 4. d5 exd5 5. cxd5 d6 6. g3 g6 7. Bg2 Bg7 8. Nf3
O-O 9. O-O Re8 10. Nd2 a6 11. a4 Nbd7 12. h3 Rb8 13. Nc4 Ne5 14. Na3 Nh5 15. e4
Bd7 16. a5 b5 17. axb6 Bb5 18. Naxb5 axb5 19. Nxb5 Qxb6 20. Nc3 c4 21. Na4 Qb3
22. Bd2 Nd3 23. Bc3 Bxc3 24. bxc3 Nf6 25. Rb1 Qxb1 26. Qxb1 Rxb1 27. Rxb1 Ra8
28. e5 dxe5 29. Rb6 Kg7 30. Nb2 Ra1+ 31. Kh2 Nxb2 32. Rxb2 Rc1 33. Re2 Nd7 34.
d6 Kf6 35. Bc6 Ke6 36. Rd2 Rxc3 37. Bd5+ Kxd6 38. Bxc4+ Ke7 39. Bxf7 Nf6
1/2-1/2

[Event "BL 1112 OSG Baden-Baden - SC Remagen"]
[Site "Solingen"]
[Date "2011.11.20"]
[Round "5.6"]
[White "Kasimdzhanov, Rustam"]
[Black "Teske, Henrik"]
[Result "1-0"]
[WhiteElo "2678"]
[BlackElo "2547"]
[PlyCount "79"]
[EventDate "2011.10.14"]

1. d4 d5 2. c4 e6 3. Nc3 Nf6 4. Nf3 c5 5. cxd5 Nxd5 6. e4 Nxc3 7. bxc3 cxd4 8.
cxd4 Bb4+ 9. Bd2 Bxd2+ 10. Qxd2 O-O 11. Bc4 b6 12. O-O Nd7 13. Rad1 Bb7 14.
Rfe1 Rc8 15. Bb3 Qf6 16. Qe3 Rfd8 17. d5 exd5 18. e5 Qh6 19. Qxh6 gxh6 20. Nd4
Rc3 21. Nb5 Rc5 22. Nd6 Bc6 23. f4 a5 24. Rd3 b5 25. Nf5 a4 26. Bd1 Rc4 27. Nd4
Nb8 28. f5 Be8 29. e6 fxe6 30. Nxe6 Rdc8 31. Rxd5 Rc1 32. Kf2 Na6 33. Nd8 Kf8
34. Ne6+ Kg8 35. Nd8 Kf8 36. f6 Nc7 37. Rd2 Rb8 38. f7 Bc6 39. Rd6 Bd5 40. Rxd5
1-0